Регионална библиотека "Любен Каравелов" - Русе

Плач Рахили, или убиение 14000 младенцев, на повеление Ирода, царя Юдейскаго во Витлеемя сбившему ся (Запис номер 156537)

MARC детайли
000 -Лидер
Контролно поле с фиксирана дължина 01756nam a2200325 c 4500
003 - Код на организацията, давaща контролен номер
Контролно поле BLK
005 - Дата и час на последна редакция
Контролно поле 20180422113445.0
008 - Елементи от данни с фиксирана дължина
fixed length control field 180410b bul|||||r ||||||| ||bul||
010 ## - Наследен системен номер
LC control number KNG00163377000
040 ## - Източник на каталожния запис
Идентификатор на билиотеката - собственик на записа BLK
041 ## - Код за език
Код за езика на текст/звукозапис или на отделно заглавие Български
Код за езика КДБФ Български
072 #7 - Код за тематичната категория
Код организация bullib
Код за тематична категория С
Текст Старопечатен фонд
080 ## - УДК
Текстов определител УДК Коментари. Анотирани издания. Различни интерпретации на Библията
УДК код - определител по УДК 22.07
УДК определител
УДК - код + определител 22.07
139 ## - Редно поле
Редна дума Плач Рахили, или убиение 14000 младенцев, на повеление Ирода, царя Юдейскаго во Витлеемя сбившему ся
Авторски знак Плат - П 58
245 10 - Сведения за заглавието
Заглавие Плач Рахили, или убиение 14000 младенцев, на повеление Ирода, царя Юдейскаго во Витлеемя сбившему ся
Подзаглавни данни Издадено от Константин Маринкович, а препечатано од Хаджи Найдена Йовановича, татарпазарчичанина, книгоиздателя
Редно поле (дума) изд. Константин Маринкович; изд. хаджи Найден Йоанович.
257 ## - Страна на издаване
Страна на създаване/издаване България
260 ## - Област на издателските данни
-- Београд
Година на издаване 1856
Печатница Београд : У правителственой книгопечатни
300 ## - Физическа характеристика
Страници 68 с.
Размери/Мащаб 19 см
380 ## - Жанр
Жанр Религия. Теология
650 #4 - Допълнително описание по предмет – тема
Основно описание – тема или топоним Библия
9 (RLIN) 148564
653 ## - Ключова дума – ненормативна
Ключова дума библейски сюжети
659 ## - Тематичен бюлетин
Тематичен бюлетин С
700 1# - Други автори (авторска отговорност)
Лично име Маринкович, Константин
Автороска отговорност (Описва отношението между автора и произведението) изд.
9 (RLIN) 92700
700 1# - Други автори (авторска отговорност)
Лично име Йоанович, хаджи Найден
Автороска отговорност (Описва отношението между автора и произведението) изд.
9 (RLIN) 381259
852 ## - Местоположение
Форматна сигнатура Цб Ст 3261-а * 352-а
856 4# - Електронен адрес и достъп
Електронен формат pdf - файл
Път до файла /url/
856 4# - Електронен адрес и достъп
Електронен формат pdf - файл
Път до файла /url/
942 ## - АРТИКУЛИ
Вид на библиотечния материал Книги
Скрит в OPAC Не
944 ## - СЪЗДАВАНЕ И РЕДАКЦИЯ на ЗАПИСА
Създаване/Редакция Създаване
Дата на регистрацията/редакция 21.07.2014
Служител, извършил регистрацията/редакцията Христина_Везирева
944 ## - СЪЗДАВАНЕ И РЕДАКЦИЯ на ЗАПИСА
Създаване/Редакция Редакция
Дата на регистрацията/редакция 21.07.2014
Служител, извършил регистрацията/редакцията
999 ## - СИСТЕМНИ КОНТРОЛНИ НОМЕРА
Koha biblionumber 156537
Koha biblioitemnumber 156537
Наличности
Код за отписване Код за изгубен артикул Източник на класификационната схема Код за повреда Коз за рестрикции Код за отдаване Артикулен № Име на библиотеката - собственик Име на библиотеката, в която се намира в момента Статус (Текущо местоположение) Дата на вписване в системата Местоположение - отдел Цена в лева Инвентарен номер Систематично азбучна сигнатура Баркод Номер на екземпляра Цена в евро Служебна бележка Служебен тип на артикула
  Не е изгубен Universal Decimal Classification Не е повреден само за читалня Специални фондове ( старопечатни, редки и ценни, фонд М. Арнаудов) 262316 Регионална библиотека "Любен Каравелов" Русе Регионална библиотека "Любен Каравелов" Русе Старопечатен фонд 1856-01-01 Старопечатен фонд 0.54 14149/58-ст Цб Ст 3261-а * 352-а 900000000319 1 0.28 Дост: DA Вид: Сф Дата: 01.01.1856 Дата инв: 02.04.2018 Бележки инв: СТ2018 Книги
  Не е изгубен Universal Decimal Classification Не е повреден само за читалня Специални фондове ( старопечатни, редки и ценни, фонд М. Арнаудов) 262317 Регионална библиотека "Любен Каравелов" Русе Регионална библиотека "Любен Каравелов" Русе Старопечатен фонд 1856-01-01 Старопечатен фонд 0.00 469-ст Цб Ст 3261-а * 352-а 900000000320 2 0.00 Дост: DA Вид: Сф Дата: 01.01.1856 Дата инв: 02.04.2018 Бележки инв: СТ2018 Книги
Vip Innovations Ltd, Rousse, Bulgaria 2025